• 首页
  • 本馆介绍
  • 公告通知
  • 最新文献
  • 馆藏检索
  • 电子资源
  • 读者导购
  • 参考咨询
  • 我的图书馆
  • 登录
  • 详细信息显示
  • 放入我的书架
  • 预约/预借图书
  • 作者相关作品
  • 分类相关作品
  • 丛书相关作品
  • 出版社相关作品

书目信息

  • 表格格式
  • 工作单格式
  • 卡片格式
题名:
“一带一路”视域下的体育艺术研究
    
 
作者: ;天水师范学院60周年校庆文库编委会 编
分册:  
出版信息: 北京   光明日报出版社  2019
页数: 297页
开本: 25cm
丛书名:
单 册:
中图分类: J-53 , G8-53 , J6-53 , J
科图分类:
主题词: 美术--文集 , 体育--文集 , 音乐--文集
电子资源:
ISBN: 978-7-5194-5512-5
000 01166cam0 2200289 450
001 2365652888
005 20231103181713.77
010    @a978-7-5194-5512-5@b精装@dCNY89.00
100    @a20200408d2019 em y0chiy50 ea
101 0  @achi
102    @aCN@b110000
105    @aagk z 000yy
200 1  @a“一带一路”视域下的体育艺术研究@9“yi dai yi lu”shi yu xia de ti yu yi shu yan jiu@f《天水师范学院60周年校庆文库》编委会编
210    @a北京@c光明日报出版社@d2019
215    @a297页@c图@d25cm
300    @a光明版
330    @a本书收录了《探析中、韩女篮历届比赛胜负之规律》《对中、韩女篮亚洲比赛胜负变化的分析》《古老的民间旋鼓运动》《西北五省学生体质下降相关问题的调查研究》《陇右文化影响下的甘肃民间武术》《我国西部地区社会体育指导员体育健身状况的调查与分析》《关于素描的宏观认识》等文章。
606 0  @a美术@j文集
606 0  @a体育@j文集
606 0  @a音乐@j文集
690    @aJ-53@v5
690    @aG8-53@v5
690    @aJ6-53@v5
690    @aJ@v4
711 02 @a天水师范学院60周年校庆文库编委会@9tian shui shi fan xue yuan 60 zhou nian xiao qing wen ku bian wei hui@4编
801  0 @aCN@b大连网信软件有限公司图书馆·11@c20231103
905    @aBZT@dJ@e5
    
    “一带一路”视域下的体育艺术研究/《天水师范学院60周年校庆文库》编委会编.-北京:光明日报出版社,2019
    297页:图;25cm
    光明版
    
    ISBN 978-7-5194-5512-5(精装):CNY89.00
    本书收录了《探析中、韩女篮历届比赛胜负之规律》《对中、韩女篮亚洲比赛胜负变化的分析》《古老的民间旋鼓运动》《西北五省学生体质下降相关问题的调查研究》《陇右文化影响下的甘肃民间武术》《我国西部地区社会体育指导员体育健身状况的调查与分析》《关于素描的宏观认识》等文章。
●
相关链接 在五车中查询图书 在当当中查询图书 在豆瓣中查询图书


正题名:"一带一路"视域下的体育艺术研究     索取号:J/5         预约/预借

序号 登录号 条形码 馆藏地/架位号 状态 备注
1 2000945017   2000945017   第四书库/四36架A面6层4列/ [索取号:J/5] 在馆    
2 2000945018   2000945018   第四书库/四36架A面6层4列/ [索取号:J/5] 在馆    
3 2000945019   2000945019   第四书库/四36架A面6层4列/ [索取号:J/5] 在馆    
4 2000945020   2000945020   第四书库/四36架A面6层4列/ [索取号:J/5] 在馆    
5 2000945021   2000945021   第四书库/四36架A面6层4列/ [索取号:J/5] 在馆    
6 2000945022   2000945022   第四书库/四36架A面6层4列/ [索取号:J/5] 在馆    
山东省滨州职业学院图书馆 欢迎您!
大连网信软件有限公司© 版权所有